| 000 | 01011nam a2200301Ia 4500 | ||
|---|---|---|---|
| 001 | Para_9742 | ||
| 003 | CHAP | ||
| 008 | 220125s2006 xx 000 0 und d | ||
| 010 | _a208401 | ||
| 020 | _a84-2001-010-3 | ||
| 040 | _cCHAP | ||
| 082 | _aPA 664.07 H33 | ||
| 245 |
_aHACCP manual del auditor de calidad / _c ASQ Food, Drug, and Cosmetic Division ; traduccion de Blas Borde Lekona |
||
| 260 |
_aZaragoza : _b Acribia |
||
| 300 | _a266 p. / + 1 suplemento (15 p.) | ||
| 500 | _aTraduccion de: The certified quality auditor's HACCP handbook | ||
| 650 |
_aAlimentos _x AnĂ¡lisis _x Manuales. _94166 |
||
| 650 |
_aAlimentos _x Control de calidad _x Manuales. _9174768 |
||
| 650 |
_aAlimentos _x Medidas de seguridad _x Industria y comercio _9174769 |
||
| 700 |
_aBorde Lekona, Blas, tr. _9157613 |
||
| 901 | _aPA 664.07 H33 | ||
| 902 | _aM | ||
| 905 | _a5232202006 an 8000000000 06 | ||
| 910 | _a2006 | ||
| 942 | _cPARA | ||
| 942 |
_cPARA _d1 |
||
| 999 |
_c208401 _d208401 |
||